Physics and number theory

Αποθηκεύτηκε σε:
Λεπτομέρειες βιβλιογραφικής εγγραφής
Άλλοι συγγραφείς: Nyssen, Louise (Επιμελητής έκδοσης)
Μορφή: Βιβλίο
Γλώσσα:English
Δημοσίευση: Zurich, Switzerland : European Mathematical Society, c2006
Σειρά:IRMA lectures in mathematics and theoretical physics ; ; 10
Θέματα:
Ετικέτες: Προσθήκη ετικέτας
Δεν υπάρχουν, Καταχωρήστε ετικέτα πρώτοι!

MARC

LEADER 00000nam a2200000 i 4500
001 1/80043
008 080402s2006 eng d
020 |a 978-3-03719-028-9 
035 |l 10096114 
040 |a GR-MY-UA  |b gre  |e aacr 
041 0 |a eng 
082 0 |a 512.7  |2 (22) 
245 1 0 |a Physics and number theory /  |c Louise Nyssen, editor 
260 |a Zurich, Switzerland :   |b European Mathematical Society,   |c c2006 
300 |a vii, 265 σ.;  |b εικ.;  |c 24 εκ. 
490 1 |a IRMA lectures in mathematics and theoritical physics  |v ; 10 
504 |a Περιέχει βιβλιογραφικές παραπομπές 
650 0 0 |a Number theory. 
650 0 0 |a Mathematical physics. 
700 1 |a Nyssen, Louise.  |4 edt 
830 0 |a IRMA lectures in mathematics and theoretical physics ;  |v ; 10 
852 |a INST  |b SAMOS  |e 20080402  |h 512.7 PHY  |p 005300026629  |q 005300026629  |t BK  |y 0 
901 |a BIBL3-2008-1 
909 |a Σ  |b 142416 
922 |a 3ΕΛΗ  |b 200712  |c ΕΠΕΑΕΚ2/ΤΜΗΜΑ ΜΑΘΗΜΑΤΙΚΩΝ  |d ΕΛΕΥΘΕΡΟΥΔΑΚΗΣ 
970 |a ΡΟΥΣΣΟΥ  |b ΚΩΝΣΤΑΝΤΙΝΑ  |z 2008/04/02